[Event "Dubai op"]
[Site "Dubai"]
[Date "1999.05.04"]
[Round "4"]
[White "Tareq, H Omran"]
[Black "Medvegy, Nora"]
[Result "0-1"]
[WhiteElo "2171"]
[BlackElo "2294"]

1.d4 Nf6 2.c4 e6 3.Nc3 Bb4 4.Qc2 O-O 5.a3 Bxc3+ 6.Qxc3 b6 7.f3 d6 8.e4 c5
9.dxc5 bxc5 10.e5 dxe5 11.Qxe5 Nc6 12.Qc3 Nd4 13.Bd3 e5 14.Bg5 h6 15.Bh4 Bb7
16.O-O-O Bc6 17.Bc2 Rb8 18.Rd2 Qd6 19.Ne2 Nd7 20.f4 Qe6 21.fxe5 Nxc2 22.Rxc2 Be4
23.Rd2 Nxe5 24.Ng3 Nxc4 25.Re2 Nd6 26.Rhe1 f5 27.Nh5 Rb7 28.Bg3 Nb5 29.Nf4 Qa2
30.Qe5 Qc4+ 31.Kd2 Nd4 32.b4 cxb4  0-1

[Event "Dubai op"]
[Site "Dubai"]
[Date "1999.05.06"]
[Round "6"]
[White "Fahed, Ahmad"]
[Black "Medvegy, Nora"]
[Result "0-1"]
[WhiteElo "2016"]
[BlackElo "2294"]

1.d4 Nf6 2.c4 e6 3.Nc3 Bb4 4.Qc2 O-O 5.a3 Bxc3+ 6.Qxc3 b6 7.Bg5 Ba6 8.e3 d6
9.Nf3 Nbd7 10.Nd2 c5 11.Be2 Rc8 12.O-O h6 13.Bh4 d5 14.Rac1 cxd4 15.Qxd4 e5
16.Bxf6 exd4 17.Bxd8 dxe3 18.fxe3 Rfxd8 19.Rfe1 Nc5 20.b3 Rc7 21.Rc2 dxc4
22.bxc4 Kf8 23.Kf1 Ke7 24.Rec1 Nd3 25.Bxd3 Rxd3 26.Kf2 Rxa3 27.Nf3 Ra4 28.c5 bxc5
29.Rxc5 Ra2+ 30.Kg1 Rxc5 31.Rxc5 Kd6 32.Rc1 Bb7 33.Rd1+ Ke7 34.Rb1 Bxf3 35.gxf3 a5
36.Rb7+ Kf6 37.Rb6+ Kg5 38.Rb7 Kg6 39.e4 a4 40.e5 a3 41.Ra7 Kf5 42.Rxf7+ Kxe5
43.Rxg7 Rb2  0-1

[Event "Budapest FS05 IM"]
[Site "Budapest"]
[Date "1999.05.12"]
[Round "12"]
[White "Carstensen, Jacob"]
[Black "Markus, Robert"]
[Result "1/2-1/2"]
[WhiteElo "2157"]
[BlackElo "2302"]

1.d4 Nf6 2.c4 e6 3.Nc3 Bb4 4.Qc2 O-O 5.a3 Bxc3+ 6.Qxc3 b6 7.Bg5 Bb7 8.f3 d5
9.e3 Nbd7 10.Bd3 Rc8 11.Ne2 c5 12.cxd5 exd5 13.O-O Ne4 14.Bxd8 Nxc3 15.Nxc3 Rfxd8
16.Rfd1 cxd4 17.exd4 Nf8 18.Rac1 Rc6 19.Ne2 Rdc8 20.Rxc6 Rxc6 21.Rc1 Rxc1+
22.Nxc1 Ne6  1/2-1/2

[Event "Katrineholm"]
[Site "Katrineholm"]
[Date "1999.05.12"]
[Round "2"]
[White "Cramling, Pia"]
[Black "Lutz, Christopher"]
[Result "1/2-1/2"]
[WhiteElo "2515"]
[BlackElo "2610"]

1.d4 Nf6 2.c4 e6 3.Nc3 Bb4 4.Qc2 O-O 5.a3 Bxc3+ 6.Qxc3 Ne4 7.Qc2 f5 8.Nh3 d6
9.f3 Nf6 10.e3 e5 11.dxe5 dxe5 12.Be2 a5 13.b3 Nc6 14.O-O Qe7 15.Nf2 Be6
16.Re1 Rad8 17.Bf1 Nd7 18.Bb2 Qf7 19.Rab1 Rfe8 20.Ba1 Qf8 21.Qc1 Qe7 22.Bc3 Qf7
23.Ba1 Qe7 24.Bc3 Qf7 25.Ba1  1/2-1/2

[Event "Zalakaros Kupa 18th"]
[Site "Zalakaros"]
[Date "1999.05.12"]
[Round "1"]
[White "Potapenko, A."]
[Black "Anka, Emil"]
[Result "0-1"]
[WhiteElo "2136"]
[BlackElo "2464"]

1.d4 Nf6 2.c4 e6 3.Nc3 Bb4 4.Qc2 O-O 5.a3 Bxc3+ 6.Qxc3 b6 7.b4 c5 8.Nf3 Bb7
9.Bb2 Ne4 10.Qb3 Nc6 11.e3 cxb4 12.axb4 a5 13.b5 Nb4 14.Be2 d5 15.O-O dxc4
16.Bxc4 Nd6 17.Be2 Nxb5 18.e4 Nd6 19.d5 exd5 20.Qc3 f6 21.exd5 Rc8 22.Qb3 Bxd5
23.Qd1 Nc4 24.Bxc4 Bxc4 25.Qxd8 Rfxd8 26.Rfd1 Rxd1+ 27.Rxd1 Be2 28.Re1 Bxf3  0-1

[Event "NOR-chT"]
[Site "Langesund"]
[Date "1999.05.13"]
[Round "2"]
[White "Lahlum, Hans Olav"]
[Black "Johannessen, Leif Erlend"]
[Result "1/2-1/2"]
[WhiteElo "2218"]
[BlackElo "2342"]

1.d4 e6 2.c4 Nf6 3.Nc3 Bb4 4.Qc2 O-O 5.a3 Bxc3+ 6.Qxc3 h6 7.g4 Ne4 8.Qd3 f5
9.gxf5 exf5 10.Nf3 d6 11.Rg1 Qf6 12.b3 Nc6 13.Bb2 Bd7 14.Nd2 Rae8 15.Bg2 Qh4
16.Bxe4 fxe4 17.Qg3 Qxg3 18.Rxg3 Ne7 19.Re3 d5 20.cxd5 Bf5 21.Rg3 Nxd5 22.e3 Re6
23.Rc1 Kh7 24.Nc4 g5 25.Ne5 Ref6 26.Rc2 Be6 27.b4 c6 28.Nc4 Nxb4 29.axb4 Bxc4
30.d5 cxd5 31.Bxf6 Rxf6 32.f3 exf3 33.Kf2 Rb6 34.Rxf3 Rxb4 35.Kg3 Rb1 36.h4 gxh4+
37.Kxh4 Rh1+ 38.Kg4 Rg1+ 39.Kf4 Rg7 40.Ke5 a5 41.Rh2 Rg5+ 42.Kd4 b5 43.Rf6 h5
44.Rhf2 a4 45.Ra6 Rg6 46.Ra7+ Kh6 47.Ra8 Rg4+ 48.Kc3 Kg5 49.Rh2 d4+ 50.exd4 h4
51.Rd2 h3 52.d5 b4+ 53.Kc2 Rh4 54.d6 Bb3+ 55.Kb2 Be6 56.Rxa4 h2 57.Ra1 h1=Q  1/2-1/2

[Event "Zalakaros Kupa 18th"]
[Site "Zalakaros"]
[Date "1999.05.14"]
[Round "3"]
[White "Kincs, Imre"]
[Black "Lukacs, Peter"]
[Result "0-1"]
[WhiteElo "2256"]
[BlackElo "2467"]

1.d4 Nf6 2.c4 e6 3.Nc3 Bb4 4.Qc2 O-O 5.e3 c5 6.Bd3 d5 7.Nf3 cxd4 8.exd4 dxc4
9.Bxc4 b6 10.a3 Bxc3+ 11.bxc3 Bb7 12.Bf4 Nbd7 13.Bd3 Re8 14.Ne5 Rc8 15.O-O Nf8
16.a4 Nd5 17.Bd2 Nb4 18.Qb1 Nxd3 19.Qxd3 f6 20.Ng4 Ng6 21.f3 f5 22.Nf2 Bd5
23.Rfe1 a5 24.Rab1 Rc4 25.Rb2 Qc7 26.Qc2 Rc8 27.Qb1 Rxa4 28.Rxb6 Ra2 29.Rb2 Rxb2
30.Qxb2 Qc4 31.Qa3 a4 32.Ra1 Qe2 33.Qb2 Nh4 34.Re1 a3 35.Qc1 Nxf3+ 36.gxf3 Qxf3
37.Kf1 a2 38.Be3 Qg2+ 39.Ke2 Bc4+ 40.Kd2 f4 41.Kc2 a1=Q  0-1

[Event "Kleve op"]
[Site "Kleve"]
[Date "1999.05.15"]
[Round "5"]
[White "Anderberg, Peter"]
[Black "Becker, Marcel"]
[Result "1/2-1/2"]
[WhiteElo "2107"]
[BlackElo "2225"]

1.d4 e6 2.c4 Nf6 3.Nc3 Bb4 4.Qc2 O-O 5.a3 Bxc3+ 6.Qxc3 b6 7.Bg5 Ba6 8.e3 d6
9.Bd3 Nbd7 10.Ne2 h6 11.Bh4 c5 12.O-O Rc8 13.Qb3 d5 14.Rac1 b5 15.cxb5 c4
16.Bxc4 dxc4 17.Qa4 Bb7 18.Qxa7 Bd5 19.Bxf6 Nxf6 20.f3 Nd7 21.Qa4 f5 22.Qb4 Qb6
23.a4 Ra8 24.Ra1 Ra5 25.e4 fxe4 26.fxe4 Rxf1+ 27.Rxf1 Bxe4 28.Qxc4 Nf6 29.Nc3 Bd5
30.Qd3 Ra7 31.b4 Qd6 32.Rb1 Rxa4 33.Nxa4 Be4 34.Qd1 Bxb1 35.Qxb1 Qxd4+ 36.Kh1 Ne4
37.Nc5 Nf2+ 38.Kg1 Nd1+ 39.Kh1 Qd2 40.h3 Qe1+ 41.Kh2 Qe5+ 42.Kh1 Qe1+  1/2-1/2

[Event "Zalakaros Kupa 18th"]
[Site "Zalakaros"]
[Date "1999.05.18"]
[Round "7"]
[White "Jakab, Attila"]
[Black "Lukacs, Peter"]
[Result "1/2-1/2"]
[WhiteElo "2244"]
[BlackElo "2467"]

1.d4 Nf6 2.c4 e6 3.Nc3 Bb4 4.Qc2 O-O 5.a3 Bxc3+ 6.Qxc3 b6 7.Nf3 Bb7 8.g3 d5
9.Bg2 dxc4 10.Qxc4 Bd5 11.Qc2 Nc6 12.Be3 Be4 13.Qd2 Na5 14.Rd1 Nd5 15.Qc1 Nb3
16.Qc4 Nxe3 17.fxe3 Na5 18.Qc3 Qd5 19.O-O Rac8 20.Nh4 Bxg2 21.Nxg2 Nb7 22.Qd3 Nd6
23.Rc1 e5 24.dxe5 Qxe5 25.Qd4 Rfe8 26.Qxe5 Rxe5 27.Rfd1 Ne8 28.Rc6 Kf8 29.Rd7 Re7
30.Rd3 Re6 31.Rcc3 Nf6 32.Nf4 Re5 33.Rc6 Ke7 34.Rdc3 Kd7 35.Nd3 Re6 36.Nb4 Rxc6
37.Nxc6 a5 38.Na7 Rd8 39.Nb5 Ne8 40.Rd3+ Ke7 41.Nd4 Rc8 42.Nc6+ Ke6 43.Nd8+ Ke7
44.Nc6+ Kf8 45.Rd7 Nf6 46.Re7 Ng8 47.Rd7 Nf6  1/2-1/2

[Event "Zalakaros Kupa 18th"]
[Site "Zalakaros"]
[Date "1999.05.19"]
[Round "8"]
[White "Jakab, Attila"]
[Black "Horvath, Adam"]
[Result "1/2-1/2"]
[WhiteElo "2244"]
[BlackElo "2437"]

1.d4 Nf6 2.c4 e6 3.Nc3 Bb4 4.Qc2 O-O 5.a3 Bxc3+ 6.Qxc3 b6 7.Nf3 Bb7 8.g3 d6
9.Bg2 Nbd7 10.O-O Qe7 11.b3 Ne4 12.Qc2 f5 13.Ne1 Rae8 14.f3 Nef6 15.Nd3 c5
16.e3 e5 17.d5 b5 18.e4 bxc4 19.bxc4 fxe4 20.fxe4 Ba6 21.Qa4 Nb8 22.Bg5 Qd7
23.Qc2 Nh5 24.Nf2 Qf7 25.Nh3 Qg6 26.Rxf8+ Rxf8 27.Rf1 Rxf1+ 28.Bxf1 Nf6 29.Bxf6 Qxf6
30.Qb3 Nd7 31.Qa4 Nb8 32.Ng5 Qe7 33.Bh3 g6 34.Be6+ Kg7 35.h4 h6 36.Nf7 Bc8
37.Bxc8 Kxf7 38.Be6+ Kf8 39.Qb5 Qc7 40.Qb3 Kg7 41.h5 Nd7 42.hxg6 Kxg6 43.Qb5 Nf6
44.Bf5+ Kf7 45.Qa6 h5 46.a4 Kg7 47.a5 Kh6 48.Qb5 Qg7 49.Kh2 Ng4+ 50.Bxg4 Qxg4
51.Qb8 Qe2+ 52.Kh3 Qg4+  1/2-1/2

[Event "Pula op 13th"]
[Site "Pula"]
[Date "1999.05.31"]
[Round "3"]
[White "Loncar, Robert"]
[Black "Palac, Mladen"]
[Result "1/2-1/2"]
[WhiteElo "2419"]
[BlackElo "2589"]

1.d4 Nf6 2.c4 e6 3.Nc3 Bb4 4.Qc2 O-O 5.a3 Bxc3+ 6.Qxc3 b6 7.Nf3 Bb7 8.e3 Ne4
9.Qc2 f5 10.Be2 d6 11.O-O Rf6 12.Rd1 Nd7 13.d5 Rh6 14.g3 c5 15.dxc6 Bxc6
16.Nd4 Bb7 17.f3 Ng5 18.h4 Nc5 19.e4 Nh3+ 20.Kg2 Rxh4 21.Rh1  1/2-1/2

[Event "Pula op 13th"]
[Site "Pula"]
[Date "1999.06.03"]
[Round "5"]
[White "Loncar, Robert"]
[Black "Cebalo, Miso"]
[Result "1/2-1/2"]
[WhiteElo "2419"]
[BlackElo "2511"]

1.d4 Nf6 2.c4 e6 3.Nc3 Bb4 4.Qc2 O-O 5.a3 Bxc3+ 6.Qxc3 b6 7.Bg5 Bb7 8.f3 d6
9.Nh3 Nbd7 10.Rd1 h6 11.Bxf6 Qxf6 12.e4 c5 13.Nf2 d5 14.cxd5 exd5 15.Bb5 dxe4
16.Bxd7 Qe7 17.O-O Qxd7 18.dxc5 Qc7 19.fxe4 bxc5 20.Rd3 Rae8 21.Rg3 Qe5 22.Qxe5 Rxe5
23.Nd3 Rh5 24.Rf5 Rxf5 25.exf5 c4 26.Ne5 Bd5 27.Ng4 f6 28.Nxh6+ Kh7 29.Ng4 Rb8
30.Ne3 Bf7 31.Rg4 Rxb2 32.Nxc4 Ra2 33.Nd6 Ra1+ 34.Kf2 Ra2+ 35.Ke1 Bd5 36.Ra4 Rxg2
37.Rxa7 Kh6 38.Ra5 Bf3 39.h4 Re2+ 40.Kf1 Rd2 41.Ne8 Rd7 42.Kf2 Bh5 43.Ra8 Kh7
44.a4 Rd5 45.a5 Rxf5+ 46.Kg3 Bxe8 47.Rxe8 Rxa5 48.Rf8 Kg6 49.Rh8 Ra3+ 50.Kf4 Ra4+
51.Kg3 Kf5 52.Rh5+ Ke4 53.Rh8 Ra3+ 54.Kg2 f5 55.Rg8 Ra7 56.Kg3 Ke5 57.Re8+ Kf6
58.Rf8+ Kg6 59.Kf4 Ra4+ 60.Kg3 Rg4+ 61.Kh3 Rg1 62.Kh2 Re1 63.Kg3 Re4 64.Kh3 Re3+
65.Kg2 Rb3 66.Kh2 Rb7 67.Kg3 Rf7 68.Ra8  1/2-1/2

[Event "Salongernas IM"]
[Site "Stockholm"]
[Date "1999.06.11"]
[Round "7"]
[White "Hedman, Erik"]
[Black "Lindberg, Bengt"]
[Result "1-0"]
[WhiteElo "2348"]
[BlackElo "2307"]

1.d4 Nf6 2.c4 e6 3.Nc3 Bb4 4.Qc2 O-O 5.e4 d5 6.e5 Ne4 7.Bd3 c5 8.cxd5 exd5
9.Ne2 Nc6 10.O-O Nxd4 11.Nxd4 cxd4 12.Nb5 Bd7 13.Nxd4 Rc8 14.Qb3 Qa5 15.a3 Be7
16.Qxb7 Rfd8 17.b4 Qa4 18.Qxd5 Nc3 19.Qf3 Be8 20.Nf5 Bf8 21.Re1 a5 22.Bg5 Rd7
23.Nh6+ gxh6 24.Bf6 Bg7 25.Qg4  1-0

[Event "Voronezh op 3rd"]
[Site "Voronezh"]
[Date "1999.06.12"]
[Round "1"]
[White "Kazmin, A."]
[Black "Pogorelov, Ruslan"]
[Result "1/2-1/2"]
[WhiteElo "2192"]
[BlackElo "2507"]

1.d4 Nf6 2.c4 e6 3.Nc3 Bb4 4.Qc2 O-O 5.Bg5 c5 6.e3 d6 7.Nf3 Nbd7 8.Bd3 h6
9.Bxf6 Nxf6 10.O-O Bxc3 11.Qxc3 b6 12.e4 cxd4 13.Qxd4 Bb7 14.Rad1 Qc7 15.e5 Bxf3
16.exd6 Qb7 17.gxf3 Qxf3 18.Rd2 Rac8 19.b4 Rfd8 20.Rc1 Rc6 21.c5 Rdxd6 22.Qxd6 Rxd6
23.cxd6 Qg4+ 24.Kf1 g6 25.Ba6 Ne4 26.Rcd1  1/2-1/2

[Event "Magen Memorial"]
[Site "Petah-Tikva"]
[Date "1999.06.21"]
[Round "7"]
[White "Kaganskiy, Gleb"]
[Black "Tsesarsky, Ilya"]
[Result "1-0"]
[WhiteElo "2292"]
[BlackElo "2430"]

1.d4 Nf6 2.c4 e6 3.Nc3 Bb4 4.Qc2 O-O 5.Bf4 c5 6.dxc5 Na6 7.Bd6 Re8 8.a3 Bxc5
9.Bxc5 Nxc5 10.b4 Na6 11.Rd1 d5 12.Nf3 Bd7 13.cxd5 exd5 14.e3 Rc8 15.Qb3 Qc7
16.Nb5 Qb6 17.Nfd4 Nc7 18.Nxc7 Qxc7 19.Be2 Qc3+ 20.Qxc3 Rxc3 21.Ra1 Rec8
22.O-O a6 23.Rfe1 Kf8 24.Bd1 Ke7 25.f3 Rd3 26.Bc2 Rd2 27.Rac1 Rc3 28.Bb3 Rdd3
29.Rxc3 Rxc3 30.Kf2 Bb5 31.Ra1 g6 32.Nxb5 Rxb3 33.Nd4 Rb2+ 34.Kf1 Kd6 35.Rc1 Ra2
36.Rc3 Nd7 37.Nc2 Nb6 38.Ke2 Na4 39.Kd2 Nxc3 40.Kxc3 a5 41.bxa5 Kc5 42.Kb3 Rxc2
43.Kxc2 Kc4 44.h4 h5 45.g3 f5 46.Kd2 Kb3 47.Kd3 Kxa3 48.Kd4 Kb4 49.Kxd5 Kxa5
50.e4  1-0

[Event "Hotel Irottko GM"]
[Site "Koszeg"]
[Date "1999.06.27"]
[Round "5"]
[White "Llanos, Guillermo"]
[Black "Horvath, Adam"]
[Result "1-0"]
[WhiteElo "2437"]
[BlackElo "2437"]

1.d4 Nf6 2.c4 e6 3.Nc3 Bb4 4.Qc2 O-O 5.a3 Bxc3+ 6.Qxc3 b6 7.Nf3 Bb7 8.e3 d6
9.b4 Nbd7 10.Bb2 Ne4 11.Qc2 f5 12.Bd3 Rf6 13.d5 Rg6 14.dxe6 Nf8 15.Nd4 Rxg2
16.Nxf5 Rxf2 17.e7 Qd7 18.Rg1 Ng6 19.Bxe4 Rxc2 20.Bxc2 Qe6 21.O-O-O Be4 22.Bxe4 Qxe4
23.Rdf1 Qxc4+ 24.Kb1 Qd3+ 25.Ka1 Kf7 26.Nxd6+ Kxe7 27.Nf5+ Ke8 28.Nxg7+ Ke7
29.Rd1 Qe4 30.Rd4 Qf3 31.Rgd1 Qh3 32.e4 Rf8 33.Nf5+ Ke6 34.Rd7 Rg8 35.Rxc7 Qxh2
36.Rxa7 Qf4 37.Nd4+ Kf6  1-0

[Event "EUCup99 (Women)"]
[Site "Nova Gorica"]
[Date "1999.06.28"]
[Round "1"]
[White "Varniene, Rita"]
[Black "Bojkovic, Natasa"]
[Result "1/2-1/2"]
[WhiteElo "2150"]
[BlackElo "2424"]

1.d4 Nf6 2.c4 e6 3.Nc3 Bb4 4.Qc2 O-O 5.a3 Bxc3+ 6.Qxc3 b6 7.Nf3 Bb7 8.Bf4 d6
9.e3 Nbd7 10.Bd3 Qe7 11.O-O Bxf3 12.gxf3 Nh5 13.Bg3 f5 14.f4 Rae8 15.Qc2 Qf7
16.Be2 Nhf6 17.Bf3 Rc8 18.Bb7 Rcd8 19.Bf3 c5 20.Rad1 cxd4 21.Rxd4 Ne8 22.Kh1 Rc8
23.Qe2 Ndf6 24.Rfd1 Qc7 25.b3 Qc5 26.Qb2 Qc7 27.Qe2 Qc5 28.Qb2 Rf7 29.Bh4 Qc7
30.Rg1 Kf8 31.Rgd1 Qc5 32.Kg1 Qc7 33.Kh1 a6 34.Qe2 Qc5 35.Qb2 Qc7 36.Qe2 Qc5
37.Qb2 Qc7 38.Qe2 Qc5 39.Qb2 Qc7 40.Qe2  1/2-1/2

[Event "Hotel Irottko GM"]
[Site "Koszeg"]
[Date "1999.06.30"]
[Round "8"]
[White "Llanos, Guillermo"]
[Black "Weinzettl, Ernst"]
[Result "1/2-1/2"]
[WhiteElo "2437"]
[BlackElo "2420"]

1.d4 Nf6 2.c4 e6 3.Nc3 Bb4 4.Qc2 O-O 5.a3 Bxc3+ 6.Qxc3 b5 7.cxb5 c6 8.bxc6 Nxc6
9.Bg5 h6 10.Bxf6 Qxf6 11.e3 Bb7 12.Nf3 Rfc8 13.Be2 Ne7 14.Qd3 d6 15.O-O e5
16.dxe5 dxe5 17.Qb5 Bxf3 18.Bxf3 Rab8 19.Qd7 Rxb2 20.Qxa7 g6 21.a4 Kg7 22.Qd7 Rcc2
23.Qd3 Nf5 24.Rab1 Nh4 25.Rxb2 Nxf3+ 26.gxf3 Rxb2 27.Qe4 Qd6 28.Rc1 Rb4 29.Qa8 e4
30.fxe4 Qd7  1/2-1/2

[Event "EUCup99 (Women)"]
[Site "Nova Gorica"]
[Date "1999.06.30"]
[Round "3"]
[White "Varniene, Rita"]
[Black "Borek, Jutta"]
[Result "1-0"]
[WhiteElo "2150"]
[BlackElo "2122"]

1.d4 Nf6 2.c4 e6 3.Nc3 Bb4 4.Qc2 O-O 5.a3 Bxc3+ 6.Qxc3 b6 7.Nf3 Ne4 8.Qc2 Bb7
9.e3 f5 10.Bd3 d6 11.O-O Nd7 12.b4 Ng5 13.Nxg5 Qxg5 14.f3 Qh5 15.c5 dxc5
16.dxc5 bxc5 17.bxc5 Bc6 18.Bd2 Rf6 19.Rac1 Rh6 20.h3 Rg6 21.Kh1 Ne5 22.e4 Rd8
23.Ba6 Qh4 24.Bc3 Qg3 25.Bxe5 Qxe5 26.exf5 exf5 27.Rce1 Qg3 28.Bc4+ Kh8 29.Re2 f4
30.Rd2 Rf8 31.Bd3 Rh6 32.Be4 Bb5 33.Rfd1 Rhf6 34.Rd8 Qg5 35.Rxf8+ Rxf8 36.Bxh7 Rd8
37.Be4  1-0

[Event "World op"]
[Site "Philadelphia"]
[Date "1999.06.30"]
[Round "4"]
[White "Beckman, Thomas J"]
[Black "Shapiro, Daniel E"]
[Result "0-1"]
[WhiteElo "2145"]
[BlackElo "2278"]

1.d4 Nf6 2.c4 e6 3.Nc3 Bb4 4.Qc2 O-O 5.a3 Bxc3+ 6.Qxc3 h6 7.f3 d5 8.g4 c5
9.g5 cxd4 10.Qxd4 Nc6 11.Qh4 Nh7 12.Nh3 e5 13.Rg1 Nd4 14.Kf2 Nf5 15.Qh5 Qb6+
16.e3 g6 17.gxh6 Kh8 18.c5 Qxc5 19.Qg4 Nxe3 20.Bxe3 Qc2+ 21.Be2 Bxg4 22.Rac1 Qxb2
23.Rb1 Qxb1  0-1

[Event "Andorra la Vella op"]
[Site "Andorra la Vella"]
[Date "1999.07.01"]
[Round "6"]
[White "Narciso Dublan, Marc"]
[Black "Pogorelov, Ruslan"]
[Result "1-0"]
[WhiteElo "2469"]
[BlackElo "2507"]

1.d4 Nf6 2.c4 e6 3.Nc3 Bb4 4.Qc2 O-O 5.a3 Bxc3+ 6.Qxc3 Ne4 7.Qc2 f5 8.Nh3 b6
9.f3 Nd6 10.e3 c5 11.dxc5 bxc5 12.Be2 Nc6 13.O-O Rb8 14.Bd2 a5 15.Rad1 Nf7
16.Bc3 Qb6 17.Nf4 d6 18.Qd2 Ne7 19.Qe1 e5 20.Qg3 Kh8 21.Nh5 Rg8 22.f4 Ng6
23.e4 fxe4 24.fxe5 Nfxe5 25.Nf4 Nxf4 26.Rxf4 h6 27.Qh4 Kh7 28.Qe7 Ng6 29.Qxe4 Bb7
30.Qxg6+ Kxg6 31.Bd3+ Kh5 32.g4+ Kg5 33.Rf5+ Kxg4 34.Rdf1 g5 35.Be2+ Kh3
36.Rf6 Rh8 37.Be1 Qc6 38.Bf3 Qxf3 39.R1xf3+ Bxf3 40.Rxf3+ Kg4  1-0

[Event "EUCup99 (Women)"]
[Site "Nova Gorica"]
[Date "1999.07.03"]
[Round "5"]
[White "Varniene, Rita"]
[Black "Elschner, Annegret"]
[Result "1-0"]
[WhiteElo "2150"]
[BlackElo "2138"]

1.d4 e6 2.c4 Nf6 3.Nc3 Bb4 4.Qc2 O-O 5.a3 Bxc3+ 6.Qxc3 b6 7.Nf3 Bb7 8.e3 d6
9.Be2 Nbd7 10.O-O c5 11.b4 Qc7 12.Bb2 Ne4 13.Qc2 Rac8 14.dxc5 dxc5 15.b5 Rfd8
16.a4 Ndf6 17.h3 a6 18.Be5 Qe7 19.a5 bxa5 20.bxa6 Bxa6 21.Rxa5 Bb7 22.Rb1 Rd7
23.Ra7 Rcd8 24.Qb3 Bc8 25.Rxd7 Nxd7 26.Bc7 Re8 27.Bd3 Ndf6 28.Ba5 h6 29.Qb6 Qd7
30.Bc2 e5 31.Rd1 Qe7 32.Qc7 Ba6 33.Qxe7 Rxe7 34.Rd8+ Kh7 35.Nd2 Bxc4 36.Nxc4  1-0

[Event "Andorra la Vella op"]
[Site "Andorra la Vella"]
[Date "1999.07.04"]
[Round "9"]
[White "Komljenovic, Davor"]
[Black "Sammalvuo, Tapani"]
[Result "1-0"]
[WhiteElo "2496"]
[BlackElo "2413"]

1.d4 Nf6 2.c4 e6 3.Nc3 Bb4 4.Qc2 O-O 5.a3 Bxc3+ 6.Qxc3 b6 7.Nf3 Bb7 8.g3 d6
9.Bg2 Nbd7 10.O-O a5 11.b3 Be4 12.Bb2 c6 13.a4 Qb8 14.Rfe1 c5 15.d5 exd5
16.cxd5 Qb7 17.Rad1 Rfe8 18.Nh4 b5 19.Bxe4 Rxe4 20.Nf5 Ra6 21.Qd3 Ne5 22.Qxb5 Rb6
23.Qxa5 Ned7 24.Qd2 g6 25.a5 Ra6 26.Qg5 Ne8 27.f3 Qxb3 28.fxe4 Qxb2 29.Rb1 Qf6
30.Qxf6 Nexf6 31.Ne7+ Kg7 32.Nc6 Nxe4 33.Rb7 Ndf6 34.Rf1 Nxd5 35.Rfxf7+ Kh6
36.Rxh7+ Kg5 37.Rh4 Nec3 38.e4 Rxc6 39.exd5 Nxd5 40.Ra4  1-0

[Event "NOR-ch"]
[Site "Gausdal"]
[Date "1999.07.05"]
[Round "4"]
[White "Johannessen, Leif Erlend"]
[Black "Ostenstad, Berge"]
[Result "1/2-1/2"]
[WhiteElo "2356"]
[BlackElo "2446"]

1.d4 e6 2.c4 Nf6 3.Nc3 Bb4 4.Qc2 O-O 5.a3 Bxc3+ 6.Qxc3 Ne4 7.Qc2 f5 8.g3 b6
9.Bg2 Bb7 10.Nf3 Nf6 11.O-O Be4 12.Qc3 Qe8 13.b4 d6 14.a4 a5 15.b5 Nbd7 16.Ba3 Rd8
17.Rfc1 Qh5 18.c5 Nd5 19.Qb2 N7f6 20.cxd6 cxd6 21.Rc6 Ne8 22.Rac1 f4 23.Rc8 Rd7
24.Rb8 fxg3 25.hxg3 Qf7 26.Qd2 Rc7 27.Rc8 Rxc8 28.Rxc8 h6 29.Qe1 Qb7 30.Qc1 Nb4
31.Bxb4 axb4 32.Rc4 b3 33.Rb4 Nf6 34.Rxb3 Nd5 35.Ne1 Rc8 36.Qd2 Bxg2 37.Nxg2 Rc4
38.a5 bxa5 39.Qxa5 Rxd4 40.Qd8+ Kh7 41.Rd3 Rxd3 42.exd3 Qxb5  1/2-1/2

[Event "Komercni Banka op"]
[Site "Pardubice"]
[Date "1999.07.16"]
[Round "1"]
[White "Kantorik, Marian"]
[Black "Zontakh, Andrey"]
[Result "0-1"]
[WhiteElo "2301"]
[BlackElo "2535"]

1.d4 Nf6 2.c4 e6 3.Nc3 Bb4 4.Qc2 O-O 5.a3 Bxc3+ 6.Qxc3 b6 7.Nf3 Bb7 8.e3 d6
9.Be2 Nbd7 10.O-O Ne4 11.Qc2 f5 12.Ne1 Qh4 13.f3 Ng5 14.Bd3 Rf6 15.Qf2 Qh5
16.Be2 Rg6 17.Kh1 Rh6 18.Qg1 Nf6 19.Rf2 Qh4 20.Nd3 Nh5  0-1

[Event "Komercni Banka op"]
[Site "Pardubice"]
[Date "1999.07.18"]
[Round "3"]
[White "Abou el Zein, Eid Mahmoud"]
[Black "Anka, Emil"]
[Result "1/2-1/2"]
[WhiteElo "2351"]
[BlackElo "2487"]

1.d4 Nf6 2.c4 e6 3.Nc3 Bb4 4.Qc2 O-O 5.e4 d5 6.e5 Ne4 7.Bd3 c5 8.cxd5 exd5
9.Ne2 cxd4 10.Nxd4 Nd7 11.f4 Ndc5 12.O-O Nxd3 13.Qxd3 Bc5 14.Be3 Bxd4 15.Qxd4 Nxc3
16.bxc3 Bf5 17.Rad1 Qa5 18.Qxd5 Qxc3 19.Bd4 Qc2 20.Qxb7 Rab8 21.Qf3 Qxa2
22.Ra1 Qc4 23.Bxa7 Rb3 24.Qf2 Rc8 25.Rfd1 h6 26.Bd4 Kh7 27.h3 Rc6 28.Kh2 Qe6
29.Be3 Rcc3 30.Rd6 Qc4 31.Re1 Ra3 32.Kg1 Qb3 33.Bd2 Rc2 34.Qe3 Qb2 35.Qd3 Qa2
36.Qd5 Qxd5 37.Rxd5 Raa2 38.Re2 h5 39.Rf2 Kg6 40.Rd6+ Kh7 41.Be3 Rxf2 42.Bxf2 Ra1+
43.Kh2 Ra2 44.Be1 Re2 45.Bb4 Be4 46.Rd2 Rxd2 47.Bxd2 Kg6 48.g4 hxg4 49.hxg4 f5  1/2-1/2

[Event "Komercni Banka op"]
[Site "Pardubice"]
[Date "1999.07.20"]
[Round "5"]
[White "Lorscheid, Gerhard"]
[Black "Tibensky, Robert"]
[Result "1-0"]
[WhiteElo "2329"]
[BlackElo "2432"]

1.d4 Nf6 2.c4 e6 3.Nc3 Bb4 4.Qc2 O-O 5.a3 Bxc3+ 6.Qxc3 b6 7.Bg5 Ba6 8.Nf3 d6
9.Qc2 h6 10.Bh4 c5 11.Rd1 Nbd7 12.dxc5 Nxc5 13.e3 Bb7 14.Be2 Nce4 15.O-O Qe7
16.Nd4 g5 17.Bg3 a6 18.b4 Rac8 19.Qb2 h5 20.f3 Nxg3 21.hxg3 Nd7 22.Kf2 f5
23.Rh1 Nf6 24.Qd2 Kf7 25.Nb3 Rfd8 26.a4 Qc7 27.a5 bxa5 28.Nxa5 Ba8 29.Ra1 e5
30.Qc2 Kg6 31.Rhb1 Rh8 32.Nb3 Qb7 33.c5 Qxb4 34.Rxa6 Rb8 35.Rxd6 h4 36.g4 e4
37.gxf5+ Kg7 38.Nd2 Qa5 39.Nxe4 Rxb1 40.Qxb1  1-0

[Event "Komercni Banka op"]
[Site "Pardubice"]
[Date "1999.07.20"]
[Round "5"]
[White "Gavrilov, Alexei"]
[Black "Luther, Thomas"]
[Result "0-1"]
[WhiteElo "2440"]
[BlackElo "2507"]

1.d4 e6 2.c4 Nf6 3.Nc3 Bb4 4.Qc2 O-O 5.a3 Bxc3+ 6.Qxc3 b6 7.Nf3 Bb7 8.b4 a5
9.Bb2 axb4 10.axb4 Rxa1+ 11.Bxa1 Nc6 12.b5 Ne4 13.Qc1 Na5 14.Bb2 Qa8 15.e3 Nb3
16.Qc2 Qa5+ 17.Ke2 Na1 18.Qc1 Ra8 19.Ne1 Nb3 20.Qc2 Qd2+ 21.Qxd2 Nbxd2 22.f3 Nxc4
23.fxe4 Nxb2 24.Kd2 Bxe4 25.Nc2 Ra2 26.Nb4 Nc4+ 27.Ke1 Rb2  0-1

[Event "BCF-ch 86th"]
[Site "Scarborough"]
[Date "1999.08.03"]
[Round "3"]
[White "Ward, Christopher"]
[Black "Hunt, Harriet"]
[Result "1-0"]
[WhiteElo "2473"]
[BlackElo "2420"]

1.d4 Nf6 2.c4 e6 3.Nc3 Bb4 4.Qc2 O-O 5.e4 d5 6.e5 Ne4 7.Bd3 c5 8.cxd5 exd5
9.Ne2 Nc6 10.O-O Bf5 11.f3 c4 12.fxe4 cxd3 13.Qxd3 dxe4 14.Qe3 Bxc3 15.bxc3 Ne7
16.Ba3 Bg6 17.Nf4 Rc8 18.Nxg6 hxg6 19.Rac1 Re8 20.Bxe7 Rxe7 21.Qxe4 Qa5 22.Rf3 Qxa2
23.Qh4 Qd2 24.Qxe7 Qxc1+ 25.Rf1 Qe3+ 26.Kh1 Rf8 27.Qxb7 Qxc3 28.Qxa7 Qd3
29.Qa1 Qe4 30.h3 Ra8 31.Qb2 Qd5 32.Rf2 Rd8 33.Rd2 g5 34.Qc3 g4 35.hxg4 Qe4
36.Qd3 Qxg4 37.Rd1 g6 38.Kg1 Rd5 39.Kf2 Kg7 40.Rd2 Qh4+ 41.Kf3 Ra5 42.Qe4 Ra3+
43.Rd3 Qh5+ 44.Kg3 Qg5+ 45.Kh2 Rxd3 46.Qxd3 Qf4+ 47.Kg1 g5 48.g3 Qc1+ 49.Kg2 g4
50.Qf5 Qb2+ 51.Qf2 Qb7+ 52.Kf1 Kf8 53.Ke2 Qe4+ 54.Kd2 Ke8 55.Qf4 Qg6 56.Ke3 Ke7
57.Qe4 Qh6+ 58.Qf4 Qg6 59.d5 Qb6+ 60.Qd4 Qb3+ 61.Qd3 Qb4 62.Qe4 Qc3+ 63.Kf4 Qc8
64.d6+ Kd8 65.Qf5 Qc4+ 66.Kg5 Qd4 67.Qf6+ Kc8 68.Qxf7 Qxe5+ 69.Qf5+  1-0

[Event "Scandic Hotels CC"]
[Site "Stockholm"]
[Date "1999.08.04"]
[Round "5"]
[White "Ahlander, Bjorn"]
[Black "Wedberg, Tom"]
[Result "1-0"]
[WhiteElo "2436"]
[BlackElo "2487"]

1.d4 Nf6 2.c4 e6 3.Nc3 Bb4 4.Qc2 O-O 5.e4 d5 6.e5 Ne4 7.Bd3 c5 8.cxd5 exd5
9.Ne2 cxd4 10.Nxd4 Nd7 11.f4 Qh4+ 12.g3 Qh3 13.Bf1 Qh5 14.Bg2 Nb6 15.a3 Bxc3+
16.bxc3 Bh3 17.O-O Bxg2 18.Qxg2 f5 19.exf6 Nxf6 20.f5 Rac8 21.Ne6 Rfe8 22.Be3 Rxc3
23.Bd4 Rc4 24.Rad1 Rec8 25.h3 Rc2 26.Rd2 Rxd2 27.Qxd2 h6 28.Qg2 Qf7 29.g4 Re8
30.h4 Rxe6 31.fxe6 Qxe6 32.g5 hxg5 33.Qxg5 Nbd7 34.h5 Qg4+ 35.Qxg4 Nxg4 36.Rc1 Ndf6
37.Bxf6 Nxf6 38.Rc7 b5 39.Rxa7 Ne4 40.Kf1 Kh7 41.Ke2 Nd6 42.Kd3 Nc4 43.Ra6  1-0

[Event "MK Cafe Cup-A"]
[Site "Koszalin"]
[Date "1999.08.05"]
[Round "3"]
[White "Kruppa, Yuri"]
[Black "Gyimesi, Zoltan"]
[Result "1/2-1/2"]
[WhiteElo "2603"]
[BlackElo "2531"]

1.d4 Nf6 2.c4 e6 3.Nc3 Bb4 4.Qc2 O-O 5.a3 Bxc3+ 6.Qxc3 b6 7.Bg5 Ba6 8.Nf3 d6
9.Nd2 Nbd7 10.e3 h6 11.Bh4 Rc8 12.b4 c5 13.dxc5 bxc5 14.b5 Bb7 15.a4 Re8
16.a5 Ba8 17.Qb2 e5 18.Qc2 Nf8 19.Qf5 g5 20.Bg3 Nh5 21.h4 Ng7 22.Qh3 f5 23.hxg5 hxg5
24.e4 f4 25.Bh2 Rc7 26.Bg1 Qf6 27.Be2 Nge6 28.Qd3 Nd4 29.Bg4 Bb7 30.f3 Bc8
31.Bxc8 Rexc8 32.Nb1  1/2-1/2